Biggest cities in Kerala - Statistics

General Stats
  • This quiz has been taken 60 times
  • The average score is 7 of 10
Answer Stats
Answer % Correct
Kochi
96%
Thiruvananthapuram
96%
Kozhikode
85%
Thrissur
85%
Kollam
73%
Palakkad
69%
Kannur
67%
Kottayam
67%
Munnar
15%
Alapuzhla
0%
No matching quizzes found
Score Distribution
Percent of People with Each Score
Percentile by Number Answered
Your Score History
You have not taken this quiz